Việt Nam văn học sử yếu
Nghiên cứu lịch sử văn học Việt Nam với các thể loại từ 1898-1946: văn chương bình dân, ảnh hưởng của nước Tàu, các thể văn, vấn đề ngôn ngữ văn tự, thơ văn thời kỳ Lý Trần (TK 11-14), thời kỳ Lê Mạc (TK 15-16), thời kỳ Nam Bắc phân tranh (TK 17-18), thời kỳ cận kim (TK 19)...
Wedi'i Gadw mewn:
| Prif Awdur: | |
|---|---|
| Fformat: | Llyfr |
| Iaith: | Vietnamese |
| Cyhoeddwyd: |
H.
Nxb. Trẻ C.ty văn hóa Minh trí - NS Văn Lang
2005
|
| Pynciau: | |
| Tagiau: |
Ychwanegu Tag
Dim Tagiau, Byddwch y cyntaf i dagio'r cofnod hwn!
|
| Thư viện lưu trữ: | Mạng thư viện Đại học Đà Nẵng |
|---|
| LEADER | 01455nam a2200337 4500 | ||
|---|---|---|---|
| 001 | 000004284 | ||
| 003 | 417 | ||
| 005 | 20121211001212.0 | ||
| 008 | 110718s2005 viesd | ||
| 020 | |c 90000 | ||
| 041 | 0 | |a vie | |
| 082 | |a 895.92209 |b DU-H | ||
| 100 | 0 | |a Dương Quảng Hàm | |
| 245 | 0 | |a Việt Nam văn học sử yếu |c Dương Quảng Hàm | |
| 260 | |a H. |b Nxb. Trẻ |b C.ty văn hóa Minh trí - NS Văn Lang |c 2005 | ||
| 300 | |a 688 tr |c 21 cm | ||
| 520 | |a Nghiên cứu lịch sử văn học Việt Nam với các thể loại từ 1898-1946: văn chương bình dân, ảnh hưởng của nước Tàu, các thể văn, vấn đề ngôn ngữ văn tự, thơ văn thời kỳ Lý Trần (TK 11-14), thời kỳ Lê Mạc (TK 15-16), thời kỳ Nam Bắc phân tranh (TK 17-18), thời kỳ cận kim (TK 19) | ||
| 653 | |a Nghiên cứu văn học | ||
| 653 | |a Việt Nam | ||
| 653 | |a Lịch sử văn học | ||
| 910 | |a Nguyễn Thị Kim Oanh |d 18/ 07/ 2011 | ||
| OWN | |a LSP | ||
| AVA | |a UDN50 |b LSP |d 895.92209 DU-H |e available |t Error 5001 Not defined in file expand_doc_bib_avail. |f 7 |g 0 |h N |i 0 |k 1 | ||
| 999 | |a From the UDN01 | ||
| AVA | |a UDN50 |b LSP |d 895.92209 DU-H |e available |t Error 5001 Not defined in file expand_doc_bib_avail. |f 7 |g 0 |h N |i 0 |k 1 | ||
| TYP | |a Monograph | ||
| TYP | |a Printed language | ||
| 980 | |a Mạng thư viện Đại học Đà Nẵng | ||